[Event "Liga Madrileña - DH 2018-2019"]
[Site "Madrid ESP"]
[Date "2019.03.17"]
[Round "14.5"]
[White "Barraza Caracuel, Ignacio"]
[Black "Vazquez Torres, Adrian"]
[Result "1/2-1/2"]
[WhiteElo "2117"]
[BlackElo "2144"]
[PlyCount "60"]
[EventDate "2018.11.18"]
[EventType "team-tourn"]
[EventRounds "14"]
[EventCountry "ESP"]
[SourceTitle "Ajedrez en Madrid"]
[Source "lmi"]
[SourceDate "2018.11.18"]
[SourceVersion "1"]
[SourceVersionDate "2019.04.02"]
[SourceQuality "1"]
[WhiteTeam "Liberty Chess"]
[BlackTeam "Virgen de Atocha"]
[WhiteTeamCountry "ESP"]
[BlackTeamCountry "ESP"]

1. Nf3 Nf6 2. c4 c5 3. g3 Nc6 4. Bg2 d5 5. cxd5 Nxd5 6. O-O e5 7. d3 Be7 8. Nc3
Be6 9. Bd2 O-O 10. a3 Rc8 11. Nxd5 Bxd5 12. b4 cxb4 13. axb4 a6 14. Rb1 e4 15.
Ne1 exd3 16. Nxd3 Nd4 17. Bxd5 Qxd5 18. Be3 Rfd8 19. Bxd4 Qxd4 20. Qd2 b5 21.
Qa2 Rc6 22. Rfd1 Rdc8 23. Nf4 Qe4 24. Qd5 Qxd5 25. Nxd5 Kf8 26. Rd3 Rc1+ 27.
Rxc1 Rxc1+ 28. Kg2 Rc4 29. Ra3 Rd4 30. e4 Bxb4 1/2-1/2

[Event "Liga Madrileña - DH 2018-2019"]
[Site "Madrid ESP"]
[Date "2019.03.17"]
[Round "14.6"]
[White "Rives Higueras, Alan"]
[Black "Suarez Triguero, Jose Alfonso"]
[Result "0-1"]
[WhiteElo "1804"]
[BlackElo "2043"]
[PlyCount "62"]
[EventDate "2018.11.18"]
[EventType "team-tourn"]
[EventRounds "14"]
[EventCountry "ESP"]
[SourceTitle "Ajedrez en Madrid"]
[Source "lmi"]
[SourceDate "2018.11.18"]
[SourceVersion "1"]
[SourceVersionDate "2019.04.02"]
[SourceQuality "1"]
[WhiteTeam "Virgen de Atocha"]
[BlackTeam "Liberty Chess"]
[WhiteTeamCountry "ESP"]
[BlackTeamCountry "ESP"]

1. e4 d6 2. d4 Nf6 3. Nc3 e5 4. dxe5 dxe5 5. Qxd8+ Kxd8 6. Bg5 Be6 7. O-O-O+
Nbd7 8. f4 exf4 9. e5 h6 10. Bxf6+ gxf6 11. exf6 c6 12. Rd4 Bc5 13. Rd1 Kc7 14.
Be2 Nxf6 15. Kb1 Bb4 16. Nf3 Bxc3 17. bxc3 Ne4 18. Rde1 Nxc3+ 19. Kb2 Na4+ 20.
Kb1 Rhg8 21. Rhg1 Bd5 22. Nh4 Rae8 23. Bh5 Re3 24. Ref1 Rg5 25. Bf3 Nc3+ 26.
Kb2 Bc4 27. Re1 Rb5+ 28. Ka1 Nxa2 29. Rxe3 fxe3 30. Re1 Nc3 31. Rxe3 Rb1# 0-1